Acuerdo para el desarrollo industrial y el empleo en Navarra (Registro nro. 1858)
[ vista simple ]
| 000 -CABECERA | |
|---|---|
| Longitud fija campo de control | 00988nam a2200289 c 4500 |
| 001 - NÚMERO DE CONTROL | |
| Número de control | 1858 |
| 003 - IDENTIFICADOR DE NÚMERO DE CONTROL | |
| Identificador del número de control | ES-MaCES |
| 005 - FECHA Y HORA DE LA ÚLTIMA TRANSACCIÓN | |
| Fecha y hora de la última transacción | 20150929135433.0 |
| 008 - CAMPO FIJO DE DESCRIPCIÓN FIJA--INFORMACIÓN GENERAL | |
| Códigos de información de longitud fija | 940718s1993 sp ||| | spa d |
| 035 ## - NÚMERO DE CONTROL DEL SISTEMA | |
| Número de control del sistema | CES19980018683m |
| 040 ## - FUENTE DE CATALOGACIÓN | |
| Centro catalogador de origen | ES-MaCES |
| Lengua de catalogación | spa |
| Centro transcriptor | ES-MaCES |
| 245 00 - MENCIÓN DE TÍTULO | |
| Título | Acuerdo para el desarrollo industrial y el empleo en Navarra |
| Mención de responsabilidad, etc. | [Gobierno de Navarra, UGT, CC.OO., CEN] |
| 260 ## - PUBLICACIÓN, DISTRIBUCIÓN, ETC (PIE DE IMPRENTA) | |
| Lugar de publicación, distribución, etc. | [Pamplona? |
| Nombre del editor, distribuidor, etc. | s.n. |
| Fecha de publicación, distribución, etc. | 1993?] |
| 300 ## - DESCRIPCIÓN FÍSICA | |
| Extensión | 31 p. |
| Dimensiones | 21 cm |
| 541 ## - NOTA DE LA FUENTE INMEDIANTE DE ADQUISICIÓN | |
| Forma de adquisición | Gratuito |
| 650 #4 - ASIENTO SECUNDARIO DE MATERIA--TÉRMINO DE MATERIA | |
| Término de materia o nombre geográfico como elemento inicial | desarrollo industrial |
| 9 (RLIN) | 27623 |
| 653 10 - TÉRMINO DE INDEXACIÓN--NO CONTROLADO | |
| Término no controlado | Desarrollo regional |
| 650 #4 - ASIENTO SECUNDARIO DE MATERIA--TÉRMINO DE MATERIA | |
| 9 (RLIN) | 29234 |
| Término de materia o nombre geográfico como elemento inicial | desarrollo económico y social |
| 650 #4 - ASIENTO SECUNDARIO DE MATERIA--TÉRMINO DE MATERIA | |
| 9 (RLIN) | 29242 |
| Término de materia o nombre geográfico como elemento inicial | creación de empleos |
| 710 1# - ENCABEZAMIENTO SECUNDARIO--NOMBRE CORPORATIVO | |
| Nombre de entidad o nombre de jurisdicción como elemento inicial | Navarra (Comunidad Autónoma) |
| Unidad subordinada | Gobierno |
| 9 (RLIN) | 4622 |
| 710 2# - ENCABEZAMIENTO SECUNDARIO--NOMBRE CORPORATIVO | |
| Nombre de entidad o nombre de jurisdicción como elemento inicial | Unión General de Trabajadores de Navarra |
| 9 (RLIN) | 5170 |
| 710 2# - ENCABEZAMIENTO SECUNDARIO--NOMBRE CORPORATIVO | |
| Nombre de entidad o nombre de jurisdicción como elemento inicial | Comisiones Obreras de Navarra |
| 9 (RLIN) | 2116 |
| 710 2# - ENCABEZAMIENTO SECUNDARIO--NOMBRE CORPORATIVO | |
| Nombre de entidad o nombre de jurisdicción como elemento inicial | Confederación de Empresarios de Navarra |
| 9 (RLIN) | 2238 |
| 902 ## - CES. TIPO DE DOCUMENTO | |
| Tipodoc (006$c Sirtex) | LIB Libro |
| 942 ## - ELEMENTOS KOHA | |
| Fuente de clasificaión o esquema | Clasificación propia del CES |
| Koha [por defecto] tipo de item | Monografías |
| Parte de clasificación | 1.1. |
| Número de registro | Signatura completa | Tipo de item de Koha |
|---|---|---|
| 005416 | CES NAVARRA 5 | Monografías |
